Dictionnaire des membres du Comité de Salut Public (Record no. 82110)

MARC details
000 -LEADER
campo de control de longitud fija 01036nam a2200253 i 4500
001 - NÚMERO DE CONTROL
campo de control 82110
003 - IDENTIFICADOR DE NÚMERO DE CONTROL
campo de control ES-MaACL
005 - FECHA Y HORA DE LA ÚLTIMA TRANSACCIÓN
campo de control 20230906174612.0
007 - CAMPO FIJO DE DESCRIPCIÓN FÍSICA--INFORMACIÓN GENERAL
campo de control de longitud fija t|
008 - DATOS DE LONGITUD FIJA--INFORMACIÓN GENERAL
campo de control de longitud fija 041123s1990 fr ||||1| fre d
020 ## - NÚMERO INTERNACIONAL ESTÁNDAR DEL LIBRO
Número Internacional Estándar del Libro 2-235-01852-1
080 ## - NÚMERO DE LA CLASIFICACIÓN DECIMAL UNIVERSAL
Número de la Clasificación Decimal Universal 94(44)"1789/1799"(03)
080 ## - NÚMERO DE LA CLASIFICACIÓN DECIMAL UNIVERSAL
Número de la Clasificación Decimal Universal 323.272(44)"1789/1799
100 1# - ENTRADA PRINCIPAL--NOMBRE DE PERSONA
Nombre de persona Gainot, Bernard.
9 (RLIN) 139341
245 10 - MENCIÓN DEL TÍTULO
Título Dictionnaire des membres du Comité de Salut Public
Resto del título : dictionnaire analytique, biographique et comparé des 62 membres du Comité de Salut Public /
Mención de responsabilidad, etc. Bernard Gainot ; préface de Michel Vovelle.
260 ## - PUBLICACIÓN, DISTRIBUCIÓN, ETC.
Lugar de publicación, distribución, etc. Paris :
Nombre del editor, distribuidor, etc. Tallandier,
Fecha de publicación, distribución, etc. 1990.
300 ## - DESCRIPCIÓN FÍSICA
Extensión 163 p. :
Otras características físicas il. ;
Dimensiones 24 cm.
504 ## - NOTA DE BIBLIOGRAFÍA, ETC.
Nota de bibliografía, etc. Bibliografía.
610 1# - PUNTO DE ACCESO ADICIONAL DE MATERIA--NOMBRE DE ENTIDAD CORPORATIVA
Nombre de entidad corporativa o nombre de jurisdicción como elemento de entrada Francia.
Unidad subordinada Convention Nationale, 1792-1795.
-- Comité de Salut Public.
9 (RLIN) 139342
650 #4 - PUNTO DE ACCESO ADICIONAL DE MATERIA--TÉRMINO DE MATERIA
Término de materia o nombre geográfico como elemento de entrada Políticos-
Subdivisión geográfica Francia-
Subdivisión cronológica S.XVIII-XIX.
9 (RLIN) 139340
651 #4 - PUNTO DE ACCESO ADICIONAL DE MATERIA--NOMBRE GEOGRÁFICO
Nombre geográfico Francia-
Subdivisión general Historia-
Subdivisión cronológica 1789-1799, Revolución-
Subdivisión de forma Diccionarios.
9 (RLIN) 8689
700 0# - ENTRADA AGREGADA--NOMBRE PERSONAL
Nombre de persona Vovelle, Michel.
9 (RLIN) 115754
852 4# - LOCALIZACIÓN
Ubicación ES-MaACL
Número de control de estantería E-12409
itemnumber R.139231
Nota libre . - Biblioteca Jacinto Martínez Lacalle
Holdings
Estatus retirado Estado de pérdida Estado de daño No para préstamo Biblioteca de origen Biblioteca actual Ubicación en estantería Fecha de adquisición Fuente de adquisición Total de préstamos Signatura topográfica completa Código de barras Visto por última vez Precio de reemplazo Tipo de ítem Koha
        Biblioteca del Ateneo de Madrid Biblioteca del Ateneo de Madrid Depósito 2 17/01/2008     E-12409 1085820 23/02/2023 23/02/2023 Libro impreso